000
00289nam a2200121Ia 4500
008
190216s9999||||xx |||||||||||||| ||und||
100
_a
Rabindranath Tagore
245
0
_a
Creatiree Unity
260
_b
Longman &green &co
_c
1962
300
_a
203p
650
_a
English Stories
942
_c
BK
999
_c
11565
_d
11565